| 000 | 00526nam a22001937a 4500 | ||
|---|---|---|---|
| 003 | OSt | ||
| 005 | 20140310182847.0 | ||
| 008 | 130613t xxu||||| |||| 00| 0 eng d | ||
| 050 |
_aQA 76 _b.G786 1997 |
||
| 082 |
_aM 793.93 _bG 1997 |
||
| 245 | _aThe greatest tips book In the world ever...7 / | ||
| 260 |
_aMonmouth Street, BA : _bFuture Publishing, _c1997. |
||
| 300 |
_a66 p. ; _bill. _c18 cm. |
||
| 521 | _acollege students | ||
| 526 | _c1210L-1700L | ||
| 541 | _j1 | ||
| 562 | _e1 | ||
| 942 |
_2lcc _cBK _kM |
||
| 999 |
_c16943 _d16943 |
||